Reminiscencias griegas y latinas en las obras del Libertador (Registro nro. 59611)

Detalles MARC
001 - NÚMERO DE CONTROL
campo de control 71603
005 - FECHA Y HORA DE LA ÚLTIMA TRANSACCIÓN
campo de control 20260506072037.0
008 - DATOS DE LONGITUD FIJA--INFORMACIÓN GENERAL
campo de control de longitud fija 960313s1992 spa
020 ## - NÚMERO INTERNACIONAL ESTÁNDAR DEL LIBRO
Número Internacional Estándar del Libro 9789802226498
035 ## - NÚMERO DE CONTROL DEL SISTEMA
Número de control de sistema 71603
035 ## - NÚMERO DE CONTROL DEL SISTEMA
Número de control de sistema (OCoLC)778201239
040 ## - FUENTE DE LA CATALOGACIÓN
Centro/agencia transcriptor comduadb
041 ## - CÓDIGO DE LENGUA
Código de lengua del texto/banda sonora o título independiente spa
082 #4 - NÚMERO DE LA CLASIFICACIÓN DECIMAL DEWEY
Número de clasificación 980
100 10 - ENTRADA PRINCIPAL--NOMBRE DE PERSONA
Nombre de persona Briceño Perozo, Mario
Código de función aut
Término indicativo de función/relación Autor/a
9 (RLIN) 242589
245 10 - MENCIÓN DE TÍTULO
Título Reminiscencias griegas y latinas en las obras del Libertador
260 ## - PUBLICACIÓN, DISTRIBUCIÓN, ETC.
Lugar de publicación, distribución, etc. Venezuela :
Nombre del editor, distribuidor, etc. Academia Nacional de la Historia de Venezuela,
Fecha de publicación, distribución, etc. 1992.
300 ## - DESCRIPCIÓN FÍSICA
Extensión 195 páginas
490 0# - MENCIÓN DE SERIE
Mención de serie Biblioteca de la Academia Nacional de la Historia. Colección Centenario ;
Designación de volumen o secuencia 6
600 14 - PUNTO DE ACCESO ADICIONAL DE MATERIA--NOMBRE DE PERSONA
Nombre de persona Bolívar, Simón,
Fechas asociadas al nombre 1783-1830
Subdivisión general Pensamiento político
9 (RLIN) 854143
650 ## - PUNTO DE ACCESO ADICIONAL DE MATERIA--TÉRMINO DE MATERIA
Término de materia o nombre geográfico como elemento de entrada Bolívar, Simón, 1783-1830 - Obras
9 (RLIN) 2011
942 ## - ELEMENTOS DE ENTRADA AGREGADA (KOHA)
Tipo de ítem Koha Libros
Existencias
Estado de retiro Estado de pérdida Estado dañado No para préstamo Código de colección Localización permanente Ubicación/localización actual Fecha de adquisición Número de inventario Total de préstamos Signatura topográfica completa Código de barras Fecha visto por última vez Número de copia Precio válido a partir de Tipo de ítem Koha
        Colección Semiactiva Planta Baja Biblioteca Carlos Gaviria Díaz, Campus Medellín Biblioteca Carlos Gaviria Díaz, Campus Medellín 30/07/1997 C115169   980.02 B849r 61000001654082 21/04/2023 1 21/04/2023 Libros